| 000 | 01071cam a22003257a 4500 | ||
|---|---|---|---|
| 003 | CHAP | ||
| 005 | 20220329135037.0 | ||
| 008 | 971013s1985 r 00010 d | ||
| 010 | _a30045 | ||
| 011 | _a31017 | ||
| 035 | _a35129 | ||
| 040 | _cCHAP | ||
| 090 | _aFolleto 9037 | ||
| 100 | 0 | 0 |
_aLineberger, R. Daniel. _966971 |
| 245 | 0 | _aMicropropagation of chimeral african violets | |
| 260 |
_aWooster : _bThe Ohio State University. Ohio Agricultural Research and Development Center, _c1985 |
||
| 300 |
_app. 25-28 _b: ilus. |
||
| 490 | 0 |
_aResearch circular _v; 284 |
|
| 590 |
_aBATCH-UPD _b10 _c20130110 _lUCH01 _h0233 |
||
| 590 |
_aBATCH-UPD _b10 _c20130110 _lUCH01 _h1821 |
||
| 590 |
_aBATCH-UPD _b10 _c20130410 _lUCH01 _h1155 |
||
| 590 |
_aBATCH-UPD _b10 _c20130914 _lUCH01 _h1115 |
||
| 590 |
_aCONVERSION _b10 _c20130109 _lUCH01 _h1317 |
||
| 650 | 1 | 4 |
_aCultivo de tejidos. _930213 |
| 650 | 1 | 4 |
_aVioletas _xPropagación. _9119894 |
| 830 | 0 |
_aResearch circular _v; 284 _996063 |
|
| 901 | _aBK | ||
| 942 | _cFOLL | ||
| 949 |
_aFolleto 9037 _bBC _cFOLL _d-81216 _eTS1 _i35129 _si |
||
| 999 |
_c30045 _d30045 |
||